000 00421nam a2200157Ia 4500
100 _aJang/J.S/ Sun/C.T
650 _aNeuro fuzzy
942 _cRB
366 _f25
654 _aneuro fuzzy
245 _aNeuro fuzzy and soft computing: A computational approach to learning and machine intelligence
260 _bPrentice -Hall of India
_c1997
082 _a4.6
_bJAN
300 _a614
546 _aENGLISH
_cPAMPHALETS
999 _c21340
_d21340